XX. (Music)Unlimited hudba bez hranic na jatkách Rakousko, Wels, 10.-12. listopad 2006

Bibliographic Details
Main Author: Slabý, Petr, 1963- (Author)
Format: Article
Language:Slovak
Czech
PhysicalDescription:Fotogr.
ISSN:1336-8044
Subjects:

MARC

LEADER 00000nab a2200000 a 4500
001 vtls008982206
003 SK-MaSNL
005 20260303065202.0
008 140301c2007 xo qr|p|||||||000 b|slo
015 |a SNBRB2007/04  |2 snkbucl 
038 |a SNKBUCL 
040 |a SNKBUCL  |b slo  |c SNKBUCL  |e AACR2 
041 0 |a cze 
044 |a xo  |c SK 
080 |a 78.079:784.66  |2 2001 
100 1 |a Slabý, Petr,  |d 1963-  |4 aut  |9 99405 
245 1 0 |a XX. (Music)Unlimited hudba bez hranic na jatkách  |b Rakousko, Wels, 10.-12. listopad 2006  |c Petr Slabý 
300 |b Fotogr. 
611 2 7 |a (Music)Unlimited  |n (20. :  |d 2006 :  |c Wels, Rakúsko)  |2 snkbucl  |9 1064883 
773 0 |t Hudba  |g Roč. II, č. I. Q (2007), s. 52-53  |x 1336-8044 
852 |a SNK  |b KIS3GCP 
958 |a AT 
999 |c 1750186  |d 1752116